[Event "Lasker Mem A"]
[Site "Barlinek POL"]
[Date "2006.06.11"]
[Round "9"]
[White "Siwiec,A"]
[Black "Tokarski,B"]
[Result "1-0"]
[WhiteElo "1957"]
[BlackElo "2004"]

1.e4 g6 2.d4 Bg7 3.c4 d6 4.Nc3 Nf6 5.Nf3 O-O 6.Be2 e5 7.d5 Nbd7 8.h3 Nc5
9.Qc2 a5 10.Bg5 h6 11.Be3 b6 12.O-O-O Ne8 13.g4 Kh7 14.Rdg1 Qe7 15.h4 Rg8
16.Nd2 Bd7 17.Qd1 Rh8 18.Nf1 Bf8 19.Ng3 Ng7 20.Qd2 Ne8 21.g5 h5 22.Bxh5 gxh5
23.Nxh5 Bg7 24.Ng3 Kg8 25.h5 Rh7 26.Nf5 Bxf5 27.exf5 Qd7 28.Qc2 e4 29.Nxe4 Qa4
30.Nxc5 Qxc2+ 31.Kxc2 dxc5 32.g6 fxg6 33.fxg6 Rh8 34.h6 Bf6 35.Bf4 Nd6 36.Kd3 Bxb2
37.Re1 Nf5 38.Re6 Bg7 39.h7+ Kf8 40.Bxc7 Re8 41.Rhe1 Rxe6 42.Rxe6 Bd4 43.Ke4 Nh6
44.d6 Kg7 45.d7 Bf6 46.Rxf6  1-0

[Event "2nd Goran"]
[Site "Bibinje CRO"]
[Date "2006.06.12"]
[Round "5"]
[White "Saric,A"]
[Black "Rezan,S"]
[Result "1-0"]
[WhiteElo "2474"]
[BlackElo "2419"]

1.d4 Nf6 2.c4 g6 3.Nc3 Bg7 4.e4 d6 5.Nf3 O-O 6.Be2 e5 7.O-O Na6 8.Be3 Qe7
9.dxe5 dxe5 10.Nd5 Qd8 11.Nd2 c6 12.Nxf6+ Bxf6 13.c5 Bg5 14.Bxg5 Qxg5 15.Bxa6 Rd8
16.f4 exf4 17.Bc4 Qxc5+ 18.Rf2 Bg4 19.Qc1 Kf8 20.Nb3  1-0

[Event "Masters"]
[Site "Las Vegas USA"]
[Date "2006.06.12"]
[Round "5"]
[White "Murzin,L"]
[Black "Puri,V"]
[Result "1/2-1/2"]
[WhiteElo "2195"]
[BlackElo "2246"]

1.d4 Nf6 2.c4 g6 3.Nc3 Bg7 4.e4 d6 5.Nf3 O-O 6.Be2 Na6 7.O-O e5 8.Be3 Ng4
9.Bg5 Qe8 10.h3 h6 11.Bc1 exd4 12.Nxd4 Nf6 13.Bf3 Nh7 14.Re1 Ng5 15.Bg4 Bxg4
16.hxg4 Nc5 17.f3 Nge6 18.Be3 Nxd4 19.Bxd4 Bxd4+ 20.Qxd4 Qe5 21.Qd2 c6 22.Rad1 Ne6
23.Qxd6 Qa5 24.Qd2 h5 25.gxh5 Qxh5 26.Qf2 Kg7 27.e5 Rh8 28.Qg3 Qf5 29.Re4 Rh5
30.Qg4 Qxg4 31.Rxg4 Rxe5 32.Rd7 Nc5 33.Rc7 a5 34.Ne4 Nxe4 35.fxe4 Rae8 36.Rxb7 Rxe4
37.Rxe4 Rxe4 38.b3  1/2-1/2

[Event "Open A"]
[Site "Voronezh RUS"]
[Date "2006.06.12"]
[Round "1"]
[White "Belozerov,A"]
[Black "Benza,A"]
[Result "1-0"]
[WhiteElo "2538"]
[BlackElo "2278"]

1.d4 Nf6 2.c4 g6 3.Nc3 Bg7 4.e4 d6 5.Nf3 O-O 6.Be2 e5 7.d5 a5 8.Be3 Na6 9.Nd2 Nc5
10.a3 Ne8 11.h4 f5 12.h5 Nf6 13.hxg6 hxg6 14.Qc2 Ncxe4 15.Ndxe4 fxe4 16.Bg5 Qe8
17.Bxf6 Bxf6 18.Nxe4 Qf7 19.Bd3 Bf5 20.Qd2 Bxe4 21.Bxe4 Bg5 22.Qe2 Kg7 23.Rd1 Rh8
24.Rf1 Raf8 25.Rd3 Rh4 26.g3 Rh2 27.Rb3 b6 28.Rf3 Qe7 29.Rxf8 Qxf8 30.Qg4 Qf6
31.Qd7+ Qe7 32.Qxe7+ Bxe7 33.Kd2 Rh8 34.Kc3 Rb8 35.Rc1 b5 36.Rc2 b4+ 37.axb4 axb4+
38.Kb3 Bg5 39.Re2 Rb6 40.Re1 Ra6 41.Rd1 Rb6 42.Ra1 Rb8 43.Ra7 Bd8 44.c5 Kf6
45.c6 Kf7 46.Rb7 Ra8 47.Rxb4 Kg7 48.Rb7 Kf6 49.f3 g5 50.g4 Ra5 51.Kc4 Rc5+
52.Kd3 Ra5 53.b4 Ra6 54.Kc4 Kf7 55.b5 Rb6 56.Kb4 Ke8 57.Ka5 Ke7 58.Rxb6 cxb6+
59.Ka6 Bc7 60.Kb7 Kd8 61.Bf5  1-0

[Event "Open A"]
[Site "Voronezh RUS"]
[Date "2006.06.12"]
[Round "1"]
[White "Nikuljshin,K"]
[Black "Khismatullin,D"]
[Result "0-1"]
[WhiteElo "2331"]
[BlackElo "2584"]

1.d4 Nf6 2.Nf3 g6 3.c4 Bg7 4.Nc3 O-O 5.e4 d6 6.Be2 Na6 7.O-O e5 8.Be3 Ng4
9.Bg5 f6 10.Bd2 exd4 11.Nxd4 f5 12.Bxg4 fxg4 13.Be3 Rf7 14.Qd2 Qf8 15.Rab1 b6
16.Nde2 Nc5 17.b4 Nd7 18.Nd5 Ne5 19.Rbc1 Bb7 20.Nd4 Re8 21.b5 h5 22.Bg5 Kh7
23.Rfe1 Qh8 24.Nb3 Kg8 25.h4 gxh3 26.f4 h2+ 27.Kxh2 Ng4+ 28.Kh1 Bh6 29.Bxh6 Qxh6
30.g3 h4 31.f5 Qxd2 32.Nxd2 h3 33.Nf3 gxf5 34.Ng5 h2 35.Kg2 Rg7 36.Nf3 Rh7
37.exf5 h1=B+ 38.Rxh1 Re2+ 39.Kg1 Rxh1+ 40.Kxh1 Ne3 41.Nd4 Rxa2 42.Nc6 Nxf5
43.Rc3 a5 44.g4 Bxc6 45.bxc6 Nd4 46.Nxb6 Rc2 47.Rxc2 Nxc2 48.Kg2 Nb4 49.c5 d5
50.Kf3 Kf7 51.Kf4 Ke6 52.Na4 Nxc6 53.Nc3 Nd4 54.g5 c6 55.g6 Kf6 56.g7 Ne6+  0-1

[Event "Masters"]
[Site "Las Vegas USA"]
[Date "2006.06.13"]
[Round "8"]
[White "Murzin,L"]
[Black "Kiewra,K"]
[Result "1/2-1/2"]
[WhiteElo "2195"]
[BlackElo "2257"]

1.d4 Nf6 2.c4 g6 3.Nc3 Bg7 4.e4 d6 5.Nf3 O-O 6.Be2 e5 7.dxe5 dxe5 8.Qxd8 Rxd8
9.Nd5 Nxd5 10.cxd5 c6 11.Bc4 b5 12.Bb3 Bb7 13.Bg5 Rd7 14.Rc1 h6 15.Be3 cxd5
16.Bxd5 Na6 17.Bxb7 Rxb7 18.Ke2 Nc7 19.Rhd1 Ne6 20.Rd5 Nf4+ 21.Bxf4 exf4
22.b3 b4 23.Kd3 a5 24.Rcc5 a4 25.Ra5 Rba7 26.Rxa7 Rxa7 27.Rd8+ Kh7 28.Nd4 axb3
29.axb3 Bxd4 30.Kxd4 Ra2 31.Ke5 Kg7 32.Kxf4 Rxf2+ 33.Kg3 Rb2 34.Rd3 Kf6 35.Kf3 Ke5
36.h4 h5 37.g3 Rb1 38.Rd5+ Ke6 39.Rd3 f6 40.Kf4 Rb2  1/2-1/2

[Event "Open A"]
[Site "Voronezh RUS"]
[Date "2006.06.13"]
[Round "2"]
[White "Shumiakina,T"]
[Black "Voitsekhovsky,S"]
[Result "1/2-1/2"]
[WhiteElo "2341"]
[BlackElo "2490"]

1.d4 Nf6 2.c4 g6 3.Nc3 Bg7 4.e4 O-O 5.Nf3 d6 6.Be2 Nbd7 7.O-O e5 8.Be3 exd4
9.Nxd4 Re8 10.f3 c6 11.Qd2 d5 12.cxd5 cxd5 13.exd5 Nb6 14.Rad1 Nfxd5 15.Nxd5 Qxd5
16.b3 Bd7 17.Bf2 Rad8 18.Rfe1 Qh5 19.g4 Qd5 20.Nb5 Qxd2 21.Rxd2 Bxb5 22.Rxd8 Rxd8
23.Bxb5 Bd4 24.Bxd4 Rxd4 25.Re7 Rd2 26.a4 a6 27.Rxb7 axb5 28.Rxb6 bxa4 29.bxa4 Ra2
30.Rb4 g5  1/2-1/2

[Event "10th Heraclion Open"]
[Site "Athens GRE"]
[Date "2006.06.14"]
[Round "5"]
[White "Pappas,S"]
[Black "Katsiris,I"]
[Result "0-1"]
[WhiteElo "1932"]
[BlackElo "2132"]

1.d4 Nf6 2.c4 g6 3.Nc3 Bg7 4.e4 d6 5.Nf3 O-O 6.Be2 e5 7.Be3 Na6 8.Rc1 Ng4
9.Bg5 f6 10.Bh4 Nh6 11.h3 Nf7 12.dxe5 dxe5 13.Qc2 c6 14.a3 Nc7 15.b4 Ne6
16.O-O Nf4 17.Rfd1 Qe8 18.Bf1 f5 19.g3 fxe4 20.Nxe4 Nxh3+ 21.Kh2 Nh6 22.Rd8 Ng4+
23.Kh1 Qf7 24.Rxf8+ Qxf8 25.Bxh3 Qxf3+ 26.Bg2 Qxa3 27.Qd2 Bf5 28.Rd1 Rf8
29.Rf1 Nf6 30.Nd6 Qd3 31.Qxd3 Bxd3 32.Rd1 Ng4 33.Rd2 Bh6 34.Ra2 g5 35.f3 Ne3
36.Bxg5 Bxg5 37.Rxa7 Nxg2 38.Kxg2 Be2 39.Rxb7 Bxf3+ 40.Kh2 e4 41.Nxe4 Bxe4  0-1

[Event "Open A"]
[Site "Voronezh RUS"]
[Date "2006.06.14"]
[Round "3"]
[White "Ter Karapetian,Ar"]
[Black "Benza,A"]
[Result "0-1"]
[WhiteElo "2156"]
[BlackElo "2278"]

1.d4 Nf6 2.c4 g6 3.Nc3 Bg7 4.e4 d6 5.Nf3 O-O 6.Be2 e5 7.Be3 Ng4 8.Bg5 f6
9.Bh4 g5 10.Bg3 Nh6 11.d5 f5 12.exf5 Nxf5 13.Ne4 h6 14.O-O Nd7 15.Bd3 Nf6
16.Nfd2 Ne8 17.Rc1 c6 18.Qh5 Ne7 19.Rfe1 cxd5 20.cxd5 Nxd5 21.Bc4 Be6 22.Red1 Bf7
23.Qf3 Nb6 24.Qg4 Nxc4 25.Nxc4 Rc8 26.Ncxd6 Nxd6  0-1

[Event "Open A"]
[Site "Voronezh RUS"]
[Date "2006.06.18"]
[Round "6"]
[White "Ulko,J"]
[Black "Kachko,A"]
[Result "1/2-1/2"]
[WhiteElo "2474"]
[BlackElo "2291"]

1.d4 Nf6 2.c4 g6 3.Nc3 Bg7 4.e4 d6 5.Nf3 O-O 6.Be2 e5 7.Be3 exd4 8.Nxd4 Re8
9.f3 Bd7 10.Qd2 Nc6 11.O-O a6 12.Rfd1 Rb8 13.Rab1 Nxd4 14.Bxd4 b5 15.c5 Be6
16.cxd6 cxd6 17.b4 d5 18.Qb2 Rb7 19.a4 Nh5 20.Bxg7 Nxg7 21.axb5 axb5 22.Nxd5 Bxd5
23.Rxd5 Qb6+ 24.Kh1 Qe3 25.Rbd1 Ne6 26.Rxb5 Rc7 27.Rbd5 Rec8 28.R5d2 Rc3
29.b5 h5 30.b6 Rb3 31.Qf6 Rb1 32.Rxb1 Qxd2 33.Qa1 h4 34.b7 Rb8 35.Qb2 Qxb2
36.Rxb2 Nc5 37.g3 hxg3 38.hxg3 Rxb7 39.Rc2 Ne6 40.Rd2 Rb4 41.Kg2 Kg7 42.Kf2 Kf6
43.Rd5 Nd4 44.Bd3 Rb2+ 45.Ke3 Nc2+ 46.Kf4 Nb4 47.Rd6+ Ke7 48.Rd4 Nxd3+ 49.Rxd3 Rb5
50.Ra3 Kf6 51.Ra7 Rb3 52.e5+ Ke6 53.Ra6+ Ke7 54.Kg4 Re3 55.f4 Kf8 56.Kh4 g5+  1/2-1/2

[Event "20th Open"]
[Site "Pula CRO"]
[Date "2006.06.19"]
[Round "2"]
[White "Halldorsson,Br"]
[Black "Popovic,Du"]
[Result "0-1"]
[WhiteElo "2211"]
[BlackElo "2496"]

1.d4 Nf6 2.c4 g6 3.Nc3 Bg7 4.e4 d6 5.Be2 O-O 6.Nf3 e5 7.Be3 Ng4 8.Bg5 f6
9.Bh4 g5 10.Bg3 Nh6 11.Qd2 g4 12.Nh4 Nc6 13.d5 Nd4 14.f4 gxf3 15.Nxf3 f5
16.Bh4 Nxf3+  0-1

[Event "Open A"]
[Site "Balatonlelle HUN"]
[Date "2006.06.21"]
[Round "5"]
[White "Balazs,G2"]
[Black "Horvath,Ga1"]
[Result "1-0"]
[WhiteElo "2178"]
[BlackElo "2237"]

1.d4 Nf6 2.c4 g6 3.Nc3 Bg7 4.e4 d6 5.Be2 O-O 6.Be3 e5 7.Nf3 h6 8.O-O Ng4
9.Bc1 Nc6 10.d5 Ne7 11.Nd2 h5 12.h3 Nf6 13.b4 Bh6 14.c5 Nh7 15.Nc4 Bxc1 16.Rxc1 f5
17.f4 fxe4 18.fxe5 Bxh3 19.gxh3 Ng5 20.Rxf8+ Qxf8 21.Qf1 Qh6 22.Rd1 Nf5 23.Qg2 Nh4
24.Qg3 Nf5 25.Qh2 Nh4 26.Kh1 Rf8 27.Rf1 Rxf1+ 28.Bxf1 Qf8 29.Be2 Ngf3 30.Qg3 Qh6
31.Bxf3 Nxf3 32.Nxe4 Qc1+ 33.Kg2 Ne1+ 34.Kh2 Kg7 35.Ncd2 Qd1 36.Qf2 Kg8 37.exd6 cxd6
38.cxd6 Nd3 39.d7  1-0

[Event "20th Open"]
[Site "Pula CRO"]
[Date "2006.06.21"]
[Round "5"]
[White "Jovanic,O"]
[Black "Nordahl,H"]
[Result "1-0"]
[WhiteElo "2473"]
[BlackElo "2374"]

1.d4 Nf6 2.c4 g6 3.Nc3 Bg7 4.e4 d6 5.Nf3 O-O 6.Be2 e5 7.Be3 c6 8.O-O exd4
9.Bxd4 Re8 10.Qc2 Qe7 11.Rfe1 c5 12.Nd5 Nxd5 13.Bxg7 Kxg7 14.cxd5 Bg4 15.Bb5 Nd7
16.Nd2 a6 17.Bf1 Nf6 18.h3 Bd7 19.g3 b5 20.Bg2 Rac8 21.Re3 Nh5 22.Rae1 f6
23.Kh2 g5 24.Bf3 Qf7 25.Qd1 Kh6 26.Kg2 Rg8 27.Bg4 Rce8 28.Qf3 Re5 29.Bxh5 Qxh5
30.Qxf6+ Qg6 31.Qxg6+ hxg6 32.Nf3 Re7 33.e5 g4 34.hxg4 Bxg4 35.exd6 Bxf3+
36.Kxf3 Rd7 37.Rh1+ Kg5 38.Re5+ Kf6 39.Re6+ Kg5 40.Kg2 Kf5 41.f4 g5 42.Kf3 gxf4
43.Rh5+ Rg5 44.g4+  1-0

[Event "20th Open"]
[Site "Pula CRO"]
[Date "2006.06.22"]
[Round "6"]
[White "Bhat,V"]
[Black "Shoker,S"]
[Result "1-0"]
[WhiteElo "2409"]
[BlackElo "2352"]

1.d4 g6 2.c4 Bg7 3.Nf3 d6 4.Nc3 Nd7 5.e4 e5 6.Be2 Ngf6 7.O-O O-O 8.Be3 c6
9.d5 cxd5 10.cxd5 a6 11.Nd2 h5 12.Nc4 Qc7 13.a4 Ng4 14.Bg5 f6 15.Bd2 f5 16.exf5 gxf5
17.h3 Ngf6 18.f4 e4 19.Be3 b6 20.Rc1 Rb8 21.b4 Bb7 22.Bd4 Ne8 23.Ne3 Qd8
24.Bxh5 Bxd4 25.Qxd4 Ng7 26.Bd1 Rc8 27.Bb3 a5 28.Nb5 axb4 29.Nxd6 Rxc1 30.Rxc1 Ba6
31.Rc6 Nc5 32.Qxb4 Qh4 33.Rxb6 Nh5 34.Ndxf5 Rxf5 35.Nxf5 Qxf4 36.Qxc5 Qf1+
37.Kh2 Qf4+ 38.g3 Qd2+ 39.Kh1 Qe1+ 40.Qg1 Bf1 41.Bc4  1-0

[Event "Open A"]
[Site "Balatonlelle HUN"]
[Date "2006.06.23"]
[Round "7"]
[White "Pesztericz,L"]
[Black "Kahn,E"]
[Result "1/2-1/2"]
[WhiteElo "2199"]
[BlackElo "2289"]

1.d4 Nf6 2.c4 g6 3.Nc3 Bg7 4.e4 d6 5.Nf3 O-O 6.Be2 e5 7.dxe5 dxe5 8.Qxd8 Rxd8
9.Bg5 Re8 10.Nd5 Nxd5 11.cxd5 c6 12.Bc4 cxd5 13.Bxd5 Nd7 14.O-O Nb6  1/2-1/2

[Event "20th Open"]
[Site "Pula CRO"]
[Date "2006.06.23"]
[Round "7"]
[White "Jovanic,O"]
[Black "Sagafos,M"]
[Result "1-0"]
[WhiteElo "2473"]
[BlackElo "2271"]

1.d4 Nf6 2.c4 g6 3.Nc3 Bg7 4.e4 d6 5.Nf3 O-O 6.Be2 e5 7.Be3 Na6 8.O-O Ng4
9.Bg5 Qe8 10.Bh4 exd4 11.Nxd4 Nxh2 12.Re1 Ng4 13.Nd5 Qe5 14.Nf3 Qh5 15.g3 Ne5
16.Nh2 Qh6 17.f4 Nc6 18.Nf6+ Bxf6 19.Bxf6 Qh3 20.Nf1 Qe6 21.Bc3 f6 22.b3 Qf7
23.Ne3 Ne7 24.Rf1 Nc5 25.Bf3 a5 26.Qd2 a4 27.b4 Na6 28.Rae1 Rb8 29.a3 Be6
30.Qd3 h5 31.Bd1 Bh3 32.Rf2 Bd7 33.Rg2 b5 34.g4 bxc4 35.Qd4 Nc6 36.Qd2 Kh7
37.Nd5 Ne5 38.fxe5 fxe5 39.gxh5 gxh5 40.Qg5 Bh3 41.Bxh5  1-0

[Event "Open A"]
[Site "Balatonlelle HUN"]
[Date "2006.06.24"]
[Round "8"]
[White "Kragelj,I"]
[Black "Veszpremi,A"]
[Result "1/2-1/2"]
[WhiteElo "2260"]
[BlackElo "2073"]

1.d4 Nf6 2.c4 g6 3.Nc3 Bg7 4.e4 d6 5.Nf3 O-O 6.Be2 e5 7.Be3 Nc6 8.d5 Ne7
9.Nd2 Nd7 10.b4 f5 11.f3 Nf6 12.c5 fxe4 13.fxe4 Nd7 14.Nc4 dxc5 15.bxc5 Kh8
16.Bf3 b6 17.c6 Ba6 18.Na3 Nc5 19.Nab5 Nc8 20.O-O Nd6 21.Bxc5 bxc5 22.Nxd6 Qxd6
23.Be2 Rxf1+ 24.Bxf1 c4 25.Qa4 Qc5+ 26.Kh1 Qd4 27.Qxa6 Qxc3 28.Rb1 Qc2 29.Qb7 Rf8
30.d6 h5 31.dxc7 Kh7 32.Qb8 c3 33.Ba6 Qxa2 34.c8=Q Rxc8 35.Bxc8 c2 36.Rg1 Qa3
37.h3 c1=Q 38.Rxc1 Qxc1+ 39.Kh2 Qxc6 40.Bb7 Qb6 41.Qc8 Qf2 42.Bd5 Qf4+  1/2-1/2

[Event "Open A"]
[Site "Balatonlelle HUN"]
[Date "2006.06.24"]
[Round "8"]
[White "Porat,Dav"]
[Black "Videki,S"]
[Result "0-1"]
[WhiteElo "2206"]
[BlackElo "2414"]

1.d4 Nf6 2.c4 g6 3.Nc3 Bg7 4.e4 d6 5.Nf3 O-O 6.Be2 e5 7.O-O exd4 8.Nxd4 Re8
9.f3 Nc6 10.Be3 Nh5 11.f4 Nf6 12.Bf3 Bg4 13.Nxc6 Bxf3 14.Qxf3 bxc6 15.Rad1 Nxe4
16.Nxe4 Qe7 17.Nxd6 Qxe3+ 18.Qxe3 Rxe3 19.Nb7 Bxb2 20.Rd7 Rae8 21.Rfd1 R3e4
22.g3 c5 23.Rxc7 Bd4+ 24.Kh1 Re2 25.Nd6 Rb8 26.Nb7 Rxa2 27.Re1 a5 28.g4 Rf2
29.g5 a4 30.Nd6 Rxf4 31.Ra7 Rf2 32.Ne4 Rc2 33.Nd6 Rf2 34.Ne4 Rf5 35.Rxa4 Kg7
36.Nd6 Rxg5 37.Ra7 Rf8 38.Rf1 Bf6 39.Ne4 Rf5 40.Rxf5 gxf5 41.Nxc5 Rc8 42.Ne6+ Kg6
43.Nf4+ Kg5 44.Nh3+ Kg4 45.Rxf7 Bd4 46.Ng1 Rxc4 47.Ne2 Be3 48.Kg2 Rc2 49.h3+ Kg5
50.Kf3 Kg6 51.Rd7 Bg5 52.Rd6+ Kf7 53.Rd5 Kg6 54.Rxf5 Ra2 55.Rb5 Ra3+ 56.Kg4  0-1

[Event "ITT Club Argentino"]
[Site "Buenos Aires ARG"]
[Date "2006.06.24"]
[Round "4"]
[White "Guerrero,Alv"]
[Black "Orsini,A"]
[Result "0-1"]
[WhiteElo "2181"]
[BlackElo "2290"]

1.d4 Nf6 2.Nf3 g6 3.c4 Bg7 4.Nc3 O-O 5.e4 d6 6.Be2 Na6 7.O-O e5 8.d5 Nc5
9.Nd2 a5 10.Qc2 Bh6 11.Nb3 Bxc1 12.Raxc1 Nfd7 13.Bg4 f5 14.Bh3 Nxb3 15.axb3 Nc5
16.Rce1 Bd7 17.f3 Qb8 18.Kh1 Qa7 19.Na4 Bxa4 20.bxa4 f4 21.Ra1 Qb6 22.Ra3 Qb4
23.g3 Ra6 24.gxf4 Rxf4 25.Rf2 Qe1+ 26.Rf1 Qh4 27.Qg2 Rb6 28.Rb1 Rb4 29.b3 Kg7
30.Kg1 h5 31.Bc8 Rf8 32.Bf5 Qf6 33.Kh1 Kh7 34.Rg1 gxf5 35.exf5 Nd3 36.Ra2 Rxb3
37.Qg3 Nf4 38.Rc2 b6 39.h4 Qf7 40.Rcc1 Ne2  0-1

[Event "20th Open"]
[Site "Pula CRO"]
[Date "2006.06.24"]
[Round "8"]
[White "Bhat,V"]
[Black "Krstic,U"]
[Result "1-0"]
[WhiteElo "2409"]
[BlackElo "2343"]

1.d4 c6 2.c4 d6 3.Nc3 Nf6 4.Nf3 g6 5.e4 Bg7 6.Be2 O-O 7.O-O e5 8.Be3 Ng4
9.Bg5 f6 10.Bh4 h5 11.Bg3 c5 12.dxe5 dxe5 13.Nd5 Nc6 14.Nh4 Kh7 15.h3 Nh6
16.f4 exf4 17.Bxf4 Nd4 18.Bxh5 gxh5 19.Qxh5 Qe8 20.Nxf6+ Bxf6 21.Qxh6+ Kg8
22.Bd6 Bg7 23.Rxf8+ Bxf8 24.Qg5+ Bg7 25.Ng6 Qxe4 26.Rf1 Be6 27.Be5 Kh7 28.Qh5+ Bh6
29.Rf6 Nf3+ 30.Rxf3 Qxg6 31.Qxg6+  1-0

[Event "20th Open"]
[Site "Pula CRO"]
[Date "2006.06.24"]
[Round "8"]
[White "Saric,A"]
[Black "Rukov,I"]
[Result "1-0"]
[WhiteElo "2474"]
[BlackElo "2334"]

1.d4 Nf6 2.c4 g6 3.Nc3 Bg7 4.e4 d6 5.Nf3 O-O 6.Be2 e5 7.O-O exd4 8.Nxd4 Re8
9.f3 c6 10.Kh1 h6 11.Nc2 Na6 12.Be3 d5 13.cxd5 cxd5 14.exd5 Nb4 15.Nxb4 Rxe3
16.Qd2 Re8 17.Bb5 Re5 18.Nd3 Rg5 19.Bc4 a6 20.Ne4 Rh5 21.Nf4 Re5 22.d6 b5
23.Nxg6 Rxe4 24.fxe4 bxc4 25.Ne7+ Kh7 26.e5 Ng4 27.Rxf7 Nxe5 28.Rxg7+ Kxg7
29.Qd4  1-0

[Event "II Perla Baltyku"]
[Site "Mielno POL"]
[Date "2006.06.25"]
[Round "6"]
[White "Shishkin,Va UKR"]
[Black "Kanarek,M"]
[Result "1-0"]
[WhiteElo "2541"]
[BlackElo "2130"]

1.d4 Nf6 2.c4 g6 3.Nc3 Bg7 4.e4 d6 5.Be2 O-O 6.Nf3 e5 7.Be3 Ng4 8.Bg5 f6
9.Bh4 g5 10.Bg3 Nh6 11.dxe5 dxe5 12.h4 g4 13.Qxd8 Rxd8 14.Nd2 Nc6 15.Nb3 Nd4
16.Nxd4 Rxd4 17.Nb5 Rd7 18.f3 c6 19.Nc3 Re7 20.Bf2 Be6 21.O-O-O f5 22.exf5 gxf3
23.fxe6 fxe2 24.Rd2 Ng4 25.Rxe2 Rxe6 26.Ne4 b6 27.Kc2 Rd8 28.b3 Bh6 29.a4 Nf6
30.Nxf6+ Rxf6 31.Rd1 Rxd1 32.Kxd1 Kf7 33.c5 bxc5 34.Bxc5 Rf1+ 35.Re1 Rxe1+
36.Kxe1 a6 37.Ke2 Ke6 38.g4 Kd5 39.Be3 Bf8 40.Kf3 e4+ 41.Kf4 Bd6+ 42.Kf5 Be5
43.g5 Bc3 44.h5 c5 45.h6 Bd4 46.Bxd4 cxd4 47.g6 hxg6+ 48.Kf4 g5+ 49.Kg3 d3
50.h7 Kd4 51.h8=Q+ Ke3 52.Qh1 d2 53.b4 Kd3 54.Qb1+ Ke3 55.a5 g4 56.b5 d1=Q
57.Qxd1  1-0

[Event "Midnight Sun"]
[Site "Tromso NOR"]
[Date "2006.06.25"]
[Round "2"]
[White "Kwossek,G"]
[Black "Gullaksen,E"]
[Result "0-1"]
[WhiteElo "2065"]
[BlackElo "2380"]

1.d4 Nf6 2.c4 g6 3.Nf3 Bg7 4.Nc3 O-O 5.e4 d6 6.Be2 Na6 7.O-O e5 8.d5 Nc5
9.Nd2 a5 10.Rb1 Bd7 11.b3 Ne8 12.a3 f5 13.b4 axb4 14.axb4 Na4 15.Qb3 Nf6
16.Bd3 Bh6 17.exf5 gxf5 18.c5 Nxc3 19.Qxc3 Nxd5 20.Bc4 Be6 21.Qd3 c6 22.Nb3 Bxc1
23.Rfxc1 Kh8 24.cxd6 b5 25.Bxd5 Bxd5 26.Na5 Be4 27.Qd1 Rg8 28.g3 Rg6 29.Nxc6 Qxd6
30.Qxd6 Rxd6 31.Nxe5 Rd5 32.Nf7+ Kg7 33.Ng5 Bxb1 34.Rxb1 Kf6 35.h4 h6 36.Nh3 Rd4
37.Nf4 Ra2 38.Rc1 Rc4 39.Rd1 Rcc2 40.Rd6+ Ke7 41.Rxh6 Rxf2 42.Re6+ Kd7 43.Re1 Rfb2
44.Rd1+ Ke8 45.Re1+ Kf7 46.h5 Ra6 47.Nd3 Rb3 48.Ne5+ Kg7 49.Rf1 Rxg3+ 50.Kf2 Rh3
51.Rg1+ Kh7 52.Rg5 Rh2+ 53.Kg1 Re2  0-1

[Event "Suduroy International"]
[Site "Vagur AUT"]
[Date "2006.06.26"]
[Round "3"]
[White "Salama,O"]
[Black "Thorsteinsson,S"]
[Result "1-0"]
[WhiteElo "2214"]
[BlackElo "2067"]

1.d4 Nf6 2.c4 g6 3.Nc3 Bg7 4.e4 d6 5.Be2 O-O 6.Nf3 e5 7.O-O Na6 8.Be3 Ng4
9.Bg5 Qe8 10.h3 h6 11.Bc1 exd4 12.Nxd4 Nf6 13.Bf3 Nh7 14.h4 h5 15.Re1 Nc5
16.Bf4 Ne6 17.Nxe6 fxe6 18.Qd2 e5 19.Bg3 Be6 20.Rac1 Qf7 21.Nd5 Nf6 22.c5 c6
23.Nxf6+ Bxf6 24.b3 d5 25.exd5 Bxd5 26.Bxd5 cxd5 27.Bxe5 Bxh4 28.g3 Be7 29.Bd6 Rae8
30.Bxe7 Rxe7 31.Rxe7 Qxe7 32.Qxd5+ Kh7 33.Qd6 Qf7 34.Rc2 Qf3 35.Rd2 Rf7 36.Qd5 Qf6
37.Qd4 Qf5 38.Re2 Rd7 39.Qe3 Rf7 40.Rd2 Qf6 41.b4 Re7 42.Qd4 Qf3 43.Qa1 Rf7
44.Qd1 Qf5 45.Qc2 Qg4 46.Qc3 Qf5 47.Qc4 Qf6 48.b5 Re7 49.Kg2 Rc7 50.Rd4 Qe7
51.Rd5 Qe6 52.Rxh5+  1-0

[Event "ITT Club Argentino"]
[Site "Buenos Aires ARG"]
[Date "2006.06.27"]
[Round "7"]
[White "Liascovich,L"]
[Black "Cori Tello,J"]
[Result "1-0"]
[WhiteElo "2399"]
[BlackElo "2111"]

1.d4 Nf6 2.c4 g6 3.Nc3 Bg7 4.Nf3 O-O 5.e4 d6 6.Be2 e5 7.dxe5 dxe5 8.Qxd8 Rxd8
9.Bg5 Re8 10.O-O-O Bg4 11.Nd5 Nxd5 12.cxd5 f5 13.Ng1 Bxe2 14.Nxe2 Nd7 15.f3 Rac8
16.Nc3 Bf8 17.a3 Bc5 18.Rhe1 a6 19.Be3 Bd6 20.Kb1 Nf6 21.Bg5 Kg7 22.exf5 gxf5
23.g4 h6 24.Bh4 Rf8 25.h3 Rce8 26.Rg1 Kh7 27.Rg2 Rf7 28.Re1 Ref8 29.Rge2 Nd7
30.Bg3 fxg4 31.fxg4 Rf3 32.Ne4 Rd3 33.Rd2 Rff3 34.Rxd3 Rxd3 35.Rf1 Kg7 36.h4 Rd4
37.Re1 Nf6 38.Nf2 Rxd5 39.h5 Bc5 40.Rc1 Bxf2 41.Bxf2 Nxg4 42.Rg1 Kf6 43.Rxg4 Rd2
44.Be3 Rh2 45.Rg6+ Kf5 46.Rxh6 Rh3 47.Bc1 e4 48.Rh7 Rh1 49.Rxc7 e3 50.Re7 Rxh5
51.Rxe3 Rh7 52.Kc2  1-0

[Event "Midnight Sun"]
[Site "Tromso NOR"]
[Date "2006.06.28"]
[Round "5"]
[White "Bjerke,R"]
[Black "Pettersson,Tob"]
[Result "0-1"]
[WhiteElo "2223"]
[BlackElo "2071"]

1.d4 d6 2.Nf3 g6 3.c4 Bg7 4.e4 Nf6 5.Nc3 O-O 6.Be2 e5 7.Be3 Nc6 8.d5 Ne7
9.Nd2 Kh8 10.O-O Nd7 11.b4 f5 12.f3 f4 13.Bf2 g5 14.c5 Nf6 15.cxd6 cxd6 16.Nc4 Ng6
17.Nb5 g4 18.Nxa7 g3 19.hxg3 fxg3 20.Bb6 Qe7 21.Nxc8 Rfxc8 22.Ne3 Nh4 23.Qd2 Nd7
24.Nc4 Rxc4 25.Bxc4 Nxb6 26.Rfc1 Ng6 27.Qe3 Nd7 28.Bb5 Ndf8 29.Rc2 Nf4 30.Kf1 Bh6
31.Qg1 Ra3 32.Ke1 Qd8 33.Kd1 Kg8 34.Bf1 Bg5 35.Bb5 N4g6 36.Qe1 Qb6 37.Qxg3 Qxb5
38.Qxg5 Qf1+  0-1

[Event "ch-CHN w"]
[Site "Wuxi CHN"]
[Date "2006.06.28"]
[Round "4"]
[White "Zhao Xue"]
[Black "Ju Wenjun"]
[Result "1-0"]
[WhiteElo "2423"]
[BlackElo "2330"]

1.d4 Nf6 2.c4 g6 3.Nc3 Bg7 4.e4 d6 5.Nf3 O-O 6.Be2 e5 7.Be3 Ng4 8.Bg5 f6
9.Bh4 g5 10.Bg3 Nh6 11.d5 Nd7 12.Nd2 f5 13.f3 Nf6 14.h3 fxe4 15.fxe4 g4 16.Bh4 Qe8
17.Qb3 Nh5 18.O-O-O Nf4 19.Rdg1 b6 20.Qd1 Qg6 21.Nf1 Nf7 22.Kb1 h5 23.Ne3 Nh6
24.Rf1 Bd7 25.Be1 a6 26.a4 gxh3 27.gxh3 Nxh3 28.Nf5 Nxf5 29.Rxh3 Nd4 30.Rg3 Bg4
31.Bxg4 hxg4 32.Rxg4 Qh6 33.Rfg1 Rf7 34.Qd3 Qh2 35.R4g2 Qh5 36.Qg3 Nf3 37.Rf1 Nd2+
38.Bxd2 Rxf1+ 39.Ka2 Rf7 40.Rh2 Qf3 41.Qg6 Qf6 42.Qh7+ Kf8 43.Rg2 Re8 44.Rg6 Qf1
45.Bh6 Qxc4+ 46.Ka3 Qc5+ 47.Kb3 Ra8 48.Rxg7  1-0

[Event "ITT Club Argentino"]
[Site "Buenos Aires ARG"]
[Date "2006.06.29"]
[Round "9"]
[White "Guerrero,Alv"]
[Black "Cori Tello,J"]
[Result "0-1"]
[WhiteElo "2181"]
[BlackElo "2111"]

1.d4 Nf6 2.Nf3 g6 3.c4 Bg7 4.Nc3 O-O 5.e4 d6 6.Be2 e5 7.d5 Nh5 8.Bg5 f6 9.Bd2 f5
10.O-O f4 11.Ne1 Nf6 12.Nd3 g5 13.h3 Rf7 14.c5 Bf8 15.cxd6 cxd6 16.a4 Rg7
17.f3 h5 18.Nf2 a5 19.Ra3 Na6 20.Kh2 Nc5 21.Be1 Qe8 22.Nd3 Nxd3 23.Bxd3 g4
24.Bh4 Qg6 25.Rg1 g3+ 26.Kh1 Ng4 27.fxg4 hxg4 28.Ne2 Qh6 29.Bxg3 fxg3 30.Bc2 gxh3
31.Rxg3 Bg4 32.Qd3 hxg2+ 33.Kxg2 Be7 34.Rh1 Bh4 35.Bd1 Rf8 36.Rh2 Qf6 37.Kh1 Bxg3
38.Nxg3 Bxd1 39.Nf5 Bg4  0-1

[Event "ch-NED"]
[Site "Hilversum NED"]
[Date "2006.06.29"]
[Round "11"]
[White "Van Wely,L"]
[Black "Visser,Y"]
[Result "1-0"]
[WhiteElo "2655"]
[BlackElo "2480"]

1.d4 Nf6 2.c4 g6 3.Nc3 Bg7 4.e4 d6 5.Nf3 O-O 6.Be2 Na6 7.O-O e5 8.Be3 c6
9.Re1 Ng4 10.Bg5 Bf6 11.Bxf6 Qxf6 12.h3 exd4 13.Qxd4 Qxd4 14.Nxd4 Nf6 15.Bf1 Bd7
16.Rad1 Rad8 17.a3 Bc8 18.b4 Nc7 19.f3 Rfe8 20.Re2 Kf8 21.Red2 Ke7 22.Kf2 h5
23.h4 Nd7 24.Re1 Ne5 25.Nd1 Ne6 26.Nb3 f6 27.Ne3 Ng7 28.Nd4 Kf7 29.Red1 g5
30.Ndf5 Nxf5 31.exf5 Ke7 32.Be2 Nf7 33.Bd3 Rg8 34.Rh1 Rh8 35.Bc2 Kf8 36.Nf1 Ne5
37.Rd4 Ke7 38.Ng3 g4 39.f4 Nf7 40.b5 Kf8 41.a4 c5 42.Rd5 b6 43.Re1 Re8 44.Ne4 Bb7
45.Rdd1 Kg7 46.Ng3 Rxe1 47.Rxe1 Kf8 48.Re6 Rh6 49.Ne4 Bxe4 50.Bxe4 Nd8 51.Rxd6 Ke7
52.Rd2 Nf7 53.Re2 Nd6 54.Bd3+ Kd7 55.Re6 Nb7 56.Be4 Nd6 57.Bc6+ Kc7 58.Re7+ Kb8
59.Bd5 g3+ 60.Kf3 Nxf5 61.Rb7+ Kc8 62.Rxa7 Rg6 63.Be6+  1-0

[Event "II Perla Baltyku"]
[Site "Mielno POL"]
[Date "2006.06.29"]
[Round "10"]
[White "Szymanski,A2"]
[Black "Cherednichenko,S"]
[Result "1-0"]
[WhiteElo "2255"]
[BlackElo "2238"]

1.d4 Nf6 2.c4 g6 3.Nc3 Bg7 4.e4 d6 5.Nf3 O-O 6.Be2 e5 7.d5 a5 8.Bg5 Na6 9.Nd2 Qe8
10.O-O Kh8 11.a3 Bd7 12.b3 Ng8 13.Rb1 f5 14.exf5 gxf5 15.Bh5 Qc8 16.b4 axb4
17.axb4 c5 18.dxc6 bxc6 19.Nb3 Rb8 20.Qxd6 Nf6 21.Be2 Rxb4 22.Qd2 f4 23.Bxf6 Bxf6
24.Ne4 Be7 25.Qc3 Qb8 26.Rfd1 Bf5 27.Bf3 Nc5 28.Nexc5 Bxc5 29.Rb2 Be7 30.Bxc6 Bf6
31.Bb5 e4 32.Qxb4 Bxb2 33.Nd4 Bxd4 34.Rxd4 f3 35.Qe7 Kg8 36.Rd1 fxg2 37.Bc6 h6
38.Bd5+ Kh8 39.Ra1 Bg6 40.Qh4 Kg7 41.Qe7+ Bf7 42.Ra7 Qb1+ 43.Kxg2 Qd1 44.Qe5+ Kg8
45.Bxf7+ Rxf7 46.Qe8+ Rf8 47.Qg6+  1-0